| 000 | 00000cam 2200000zi 4500 |
| 001 | 9.952971 |
| 003 | CaOODSP |
| 005 | 20260527142122 |
| 006 | m o d f |
| 007 | cr cn |||||||| |
| 008 | 250708e20250512oncado ob f000 0 eng d |
| 020 | |a9780660780467 |
| 040 | |aCaOODSP|beng|erda|cCaOODSP |
| 043 | |an-cn--- |
| 086 | 1 |aNR16-486/2025E-PDF |
| 100 | 1 |aWalker, Alex, |eauthor. |
| 245 | 10|aWhite paper : |bNRC's photodetector activities in the short-wavelength infrared / |cAlex Walker, Oliver Pitts, Costel Flueraru, Abderrahim Boucherif, Anthony Springthorpe, Alireza Loghmany, Patrick Therrien, Mohammad Salahuddin. |
| 246 | 17|aNRC's photodetector activities in the short-wavelength infrared |
| 264 | 1|a[Ottawa] : |bNational Research Council Canada = Conseil national de recherches Canada, |cMay 12th 2025. |
| 264 | 4|c©2025 |
| 300 | |a1 online resource (10 pages) : |billustrations, graphs, photographs |
| 336 | |atext|btxt|2rdacontent |
| 337 | |acomputer|bc|2rdamedia |
| 338 | |aonline resource|bcr|2rdacarrier |
| 500 | |a"Non-sensitive." |
| 500 | |aIssued also in French under title: Livre blanc : activités du CNRC en matière de photodétection dans l'infrarouge à courte longueur d'onde. |
| 504 | |aIncludes bibliographical references (page 10). |
| 520 | |a"The National Research Council of Canada (NRC) and the Canadian Photonics and Fabrication Center (CPFC) have developed extensive capabilities in terms of design, epitaxy, fabrication, and testing of both laser and detector device structures"--Background, page 4. |
| 650 | 0|aOptical detectors|xTechnological innovations|zCanada. |
| 650 | 0|aInfrared technology|zCanada. |
| 710 | 2 |aNational Research Council Canada, |eissuing body. |
| 775 | 08|tLivre blanc : |w(CaOODSP)9.953610 |
| 856 | 40|qPDF|s5.44 MB|uhttps://publications.gc.ca/collections/collection_2026/cnrc-nrc/NR16-486-2025-eng.pdf |
| 986 | |aNRC-QN-AEP-056-E |